000 00470nam a22001337a 4500
005 20241007110115.0
008 241007b |||||||| |||| 00| 0 eng d
100 _aCastro, Marilyn Raymundo.
_eauthor.
_962431
245 _aPagtatapos /
_cMarilyn Raymundo Castro.
260 _aPhilippines:
_bPublishers Association of the Philippines, Inc.,
_cMarch 2019.
300 _aVolume 66, pages 389-391.
700 _aCastro, Marilyn Raymundo.
_eauthor.
_962432
942 _2ddc
_cPER
999 _c22298
_d22298